00209nam a2200097Ia 4500008004100000041000800041100001100049245002000060650001200080999001900092230605s9999 xx 000 0 und d aeng aDisoza aShikshan vichar aG.SKILL c417459d417459